| 000 | 01024nam a22003257a 4500 | ||
|---|---|---|---|
| 003 | CHAP | ||
| 005 | 20220329140806.0 | ||
| 008 | 971013s1967 r 00010 d | ||
| 010 | _a57691 | ||
| 011 | _a58663 | ||
| 035 | _a62818 | ||
| 040 | _cCHAP | ||
| 090 | _aFolleto 3894 | ||
| 100 | 0 | 0 |
_aStauffer Chemicals Company. New York. _9109537 |
| 245 |
_aWhat leavening does for food _b: what phosphates do in leavening |
||
| 260 |
_aNew York : _b(s.e.), _c(1967) |
||
| 300 |
_a18 p. _b: ilus. |
||
| 490 |
_aFood industry release _v; 3 |
||
| 590 |
_aBATCH-UPD _b10 _c20130110 _lUCH01 _h0258 |
||
| 590 |
_aBATCH-UPD _b10 _c20130110 _lUCH01 _h1825 |
||
| 590 |
_aBATCH-UPD _b10 _c20130409 _lUCH01 _h2329 |
||
| 590 |
_aBATCH-UPD _b10 _c20130914 _lUCH01 _h1723 |
||
| 590 |
_aCONVERSION _b10 _c20130109 _lUCH01 _h1331 |
||
| 650 | 1 | 4 |
_aLevaduras. _966401 |
| 650 | 1 | 4 |
_aPanificación. _985110 |
| 830 | 0 |
_aFood industry release _v; 3 _942189 |
|
| 901 | _aBK | ||
| 942 | _cFOLL | ||
| 949 |
_aFolleto 3894 _bBC _cFOLL _d-134655 _eTS1 _i62818 _mD _si |
||
| 999 |
_c57691 _d57691 |
||